50 Biggest Cities in the United States - Statistics

General Stats
  • This quiz has been taken 70 times
  • The average score is 36 of 50
Answer Stats
Rank City State % Correct
4 Houston Texas
98%
2 Los Angeles California
97%
1 New York New York
97%
5 Phoenix Arizona
95%
3 Chicago Illinois
93%
9 Dallas Texas
93%
40 Miami Florida
93%
6 Philadelphia Pennsylvania
91%
19 Denver Colorado
90%
21 Boston Massachusetts
88%
17 San Francisco California
88%
11 Austin Texas
86%
20 Washington District of Colombia
86%
23 Detroit Michigan
84%
28 Las Vegas Nevada
84%
8 San Diego California
84%
18 Seattle Washington
84%
15 Indianapolis Indiana
83%
12 Jacksonville Florida
83%
27 Oklahoma City Oklahoma
83%
7 San Antonio Texas
83%
25 Portland Oregon
81%
24 Nashville Tennessee
79%
37 Atlanta Georgia
78%
26 Memphis Tennessee
78%
36 Sacramento California
76%
38 Kansas City Missouri
74%
16 Charlotte North Carolina
71%
45 Minneapolis Minnesota
71%
10 San Jose California
71%
32 Albuquerque New Mexico
69%
50 Cleveland Ohio
69%
13 Fort Worth Texas
69%
31 Milwaukee Wisconsin
69%
48 New Orleans Louisiana
67%
14 Columbus Ohio
66%
22 El Paso Texas
64%
29 Louisville Kentucky
64%
33 Tucson Arizona
64%
30 Baltimore Maryland
62%
41 Raleigh North Carolina
62%
44 Oakland California
55%
39 Colorado Springs Colorado
53%
46 Tulsa Oklahoma
52%
34 Fresno California
43%
43 Virginia Beach Virginia
40%
35 Mesa Arizona
38%
49 Wichita Kansas
34%
42 Long Beach California
31%
47 Arlington Texas
24%
No matching quizzes found
Score Distribution
Percent of People with Each Score
Percentile by Number Answered
Your Score History
You have not taken this quiz